Statystyki dla Stolice Europy na Mapie

Kliknij tutaj aby rozwiązać quiz!

Ogólne statystyki

  • Ten quiz został rozwiązany 42 razy
    (32 od ostatniego zresetowania)
  • Średni wynik to 37 z 45

Odpowiedzi na mapie

Odpowiedzi skodowane kolorowo w zielono-czerwonej skali na mapie do tego quizu, zgodnie z poniższymi procentami.
 

Statystyki odpowiedzi

1 literaIlość literStolica% Poprawnych
B6Berlin
100%
K5Kijów
100%
P5Paryż
100%
R4Ryga
100%
R4Rzym
100%
W8Warszawa
100%
L6Londyn
95%
M6Madryt
95%
M6Moskwa
95%
P5Praga
95%
W7Watykan
95%
W6Wiedeń
95%
A9Amsterdam
89%
B10Bratysława
89%
B9Budapeszt
89%
B9Bukareszt
89%
D6Dublin
89%
H8Helsinki
89%
K9Kopenhaga
89%
L6Lizbona
89%
O4Oslo
89%
T7Tallinn
89%
W5Wilno
89%
A6Andora
84%
A5Ateny
84%
B8Bruksela
84%
L10Luksemburg
84%
M5Mińsk
84%
M6Monako
84%
S9Sztokholm
84%
S9San Marino
79%
Z7Zagrzeb
79%
B5Berno
74%
K9Kiszyniów
74%
L7Lublana
74%
S5Sofia
74%
B7Belgrad
68%
R9Reykjavik
63%
S8Sarajewo
63%
T6Tirana
63%
V8Valletta
63%
S6Skopje
58%
P9Podgorica
53%
V5Vaduz
53%
P9Prisztina
37%

Rozkład punktacji

Percentyl według liczby udzielonych odpowiedzi

Procent ludzi z każdym wynikiem

Twoja historia wyników

Nie rozwiązałeś tego quizu od ostatniego zresetowania